000
00316nam a2200121Ia 4500
008
230822s1999 xx 000 0 und d
020
_a
1 85029 574 3
041
_a
eng
100
_a
PARIKH A.
245
_a
MAKING THE MOST OF SMALL SPACES .
260
_b
CONRON OCTOPUS LIMITED LONDON WC2 9 HN
_c
1999
300
_a
80
999
_c
855463
_d
855463